| 000 | 01905cam a2200349 a 4500 | ||
|---|---|---|---|
| 001 | 17147637 | ||
| 005 | 20170105102905.0 | ||
| 008 | 120203s2013 enka b 001 0 eng | ||
| 010 | _a 2012002853 | ||
| 020 | _a9780415531504 (hardback) | ||
| 020 | _a9780203106266 (ebook) | ||
| 040 |
_aDLC _cDLC |
||
| 042 | _apcc | ||
| 043 |
_aaz----- _aa-ii--- _aa-pk--- |
||
| 050 | 0 | 0 |
_aJZ6009.S64 _bP47 2013 |
| 082 | 0 | 0 |
_a355/.033054 _223 |
| 100 | 1 | _aPervez, Muhammad Shoaib. | |
| 245 | 1 | 0 |
_aSecurity community in South Asia : _bIndia-Pakistan / _cMuhammad Shoaib Pervez. |
| 260 |
_aLondon ; _aNew York : _bRoutledge, _c2013. |
||
| 300 |
_a160 p. : _bill. ; _c24 cm. |
||
| 490 | 0 |
_aRoutledge studies in South Asian politics ; _v2 |
|
| 504 | _aIncludes bibliographical references (p.[147]-160) and index. | ||
| 505 | 0 | _aIntroduction -- The India-Pakistan conflict: social constructivism versus neo-realism neo-liberalism -- The social constructivist security dilemma and the security community: the popular and elites' social practices -- The identities of India and Pakistan in the formative phase of state building: ideology as a key identity signifier -- The Kashmir dispute: the quest of India and Pakistan identities and Kashmiriyat, the estranged Kashmir identity -- India-Pakistan nuclear rivalry: the influence of ideology upon elites' social practices -- Exploration of norms for a hypothetical security community between India and Pakistan -- Conclusion. | |
| 650 | 0 |
_aSecurity, International _zSouth Asia. |
|
| 651 | 0 |
_aSouth Asia _xForeign relations. |
|
| 651 | 0 |
_aIndia _xForeign relations _zPakistan. |
|
| 651 | 0 |
_aPakistan _xForeign relations _zIndia. |
|
| 651 | 0 |
_aSouth Asia _xPolitics and government. |
|
| 906 |
_a7 _bcbc _corignew _d1 _eecip _f20 _gy-gencatlg |
||
| 942 |
_2ddc _cBK |
||
| 999 |
_c14836 _d14836 |
||